Statistics for Kings and Such

Click here to take the quiz!

General Stats

  • This quiz has been taken 36,069 times
    (11,827 since last reset)
  • The average score is 16 of 20

Answer Stats

ClueAnswer% Correct
Movie about Simba and MufasaThe Lion King
98%
English king with 6 wivesKing Henry VIII
97%
Fast food restaurant that gives
away paper crowns
Burger King
95%
Giant gorilla from Skull IslandKing Kong
94%
Author of "It" and "The Shining"Stephen King
94%
Excalibur was his swordKing Arthur
92%
Longest venomous snakeKing Cobra
91%
"Sun King" of FranceKing Louis XIV
90%
King with a golden touchKing Midas
88%
Michael Jackson's nicknameKing of Pop
87%
Lionhearted king of EnglandKing Richard
86%
Wanted his children to be judged
by the content of their characters,
not the color of their skin
Martin Luther
King, Jr.
86%
Tasty crustacean whose arm span
can reach 2 meters in length
King Crab
80%
London railway station, where the
train to Hogwarts departs
King's Cross
79%
King who commissioned a Bible
in the English language
King James
77%
Shakespearean king with
three daughters
King Lear
71%
He signed the Magna CartaKing John
67%
He wrote much of the
book of Psalms
King David
64%
Female tennis legendBillie Jean King
58%
Bluesman with a guitar
named Lucille
B.B. King
46%

Score Distribution

Percentile by Number Answered

Percent of People with Each Score

Your Score History

You have not taken this quiz since the last reset